Hướng dẫn áp dụng điều lệ và thực hành thống nhất tín dụng chứng từ

Salvato in:
Dettagli Bibliografici
Autore principale: Nguyễn Trọng Thùy
Natura: Libro
Pubblicazione: Thống kê 1998
Tags: Aggiungi Tag
Nessun Tag, puoi essere il primo ad aggiungerne! !
Thư viện lưu trữ: Mạng thư viện Đại học Đà Nẵng
LEADER 00622nam a2200229 a 4500
001 000029465
003 1032
005 20171030145630.0
008 171030s1998
020 |c 40000 
040 |a LTT 
082 0 |a 332.76  |b NG-T 
100 1 |a Nguyễn Trọng Thùy 
245 0 0 |a Hướng dẫn áp dụng điều lệ và thực hành thống nhất tín dụng chứng từ  |c Nguyễn Trọng Thuỳ. 
260 |b Thống kê  |c 1998 
OWN |a LTT 
999 |a From the UDN01 
TYP |a Monograph 
TYP |a Printed language 
980 |a Mạng thư viện Đại học Đà Nẵng